000 00595nam a22002417a 4500
001 57579
003 UA-OsUOA
005 20211124122946.0
007 ta
008 20081225b un ||||| |||| 00| 0 ukr d
020 _a5710776270
040 _aUA-OsUOA
_brus
_cUA-OsUOA
_dUA-OsUOA
041 _arus
080 _a821.161.1
090 _a821.161.1
_bФ22
245 _aФантастика и приключения
260 _aМ.
_bДрофа
_c2003
300 _a400 с.
505 _gТ. 1
650 7 _2UDC
_a821 Художня література
942 _cBK
_2udc
955 _a3
999 _c343661
_d343661